| 000 | 00924nam a22002177a 4500 | ||
|---|---|---|---|
| 003 | OSt | ||
| 005 | 20260312022410.0 | ||
| 008 | 260312b |||||||| |||| 00| 0 eng d | ||
| 020 | _a9780064471091 | ||
| 040 |
_aDWCL GS lib _cOC |
||
| 082 | _aL673 1994 | ||
| 100 | _aLEWIS, C.S. | ||
| 245 |
_aThe chronicles of Narnia: the silver chair _c C.S. LEWIS |
||
| 260 |
_aNew York _bC.S. LEWIS _c1994 |
||
| 300 |
_a257 p _billustrations _c17cm |
||
| 520 | _afollows Eustace Scrubb and Jill Pole on a quest from Aslan to find King Caspian’s missing son, Prince Rilian. | ||
| 650 | _afocusing on a quest to find the lost Prince Rilian. The narrative follows Eustace Scrubb, his classmate Jill Pole, and a Marsh-wiggle | ||
| 650 | _a to trust in known truths and maintain faith in goodness, even when faced with overwhelming deception, despair, or sensory evidence to the contrary. | ||
| 700 | _aC.S. LEWIS | ||
| 942 |
_2ddc _cFIC. _n0 |
||
| 999 |
_c8998 _d8998 |
||